Cliquez sur les pays d'Afrique sur une carte sans frontières - Statistiques

Statistiques générales
  • Ce quiz a été pris 15 270 fois
  • Le résultat moyen est 23 sur 54
Réponses sur la Carte
Les réponses sont colorées sur une échelle allant du rouge au vert en fonction du pourcentage des utilisateurs qui les ont devinées à leur premier essai. Vous pouvez retrouver ces pourcentages ci-dessous.
 
Statistiques - réponses
Réponse % Correct
Afrique du Sud
54%
Égypte
54%
Madagascar
54%
Maroc
54%
Algérie
53%
Cap-Vert
52%
Libye
51%
Tunisie
51%
Seychelles
50%
Somalie
50%
Comores
49%
Sao Tomé-et-Principe
49%
Éthiopie
48%
Maurice
48%
Mozambique
48%
Namibie
48%
Soudan
48%
Mauritanie
46%
Angola
45%
République Démocratique du Congo
45%
Mali
44%
Sénégal
44%
Érythrée
43%
Kenya
43%
Nigeria
43%
Tchad
43%
Cameroun
42%
Djibouti
42%
Niger
42%
Tanzanie
42%
Botswana
41%
République Centrafricaine
41%
Soudan du Sud
41%
Côte d'Ivoire
39%
Eswatini
38%
Gambie
38%
Lesotho
38%
Malawi
38%
Guinée Équatoriale
37%
Ouganda
37%
Burkina Faso
36%
Gabon
36%
Rwanda
36%
Guinée
35%
Liberia
35%
République du Congo
35%
Zimbabwe
35%
Bénin
34%
Burundi
34%
Sierra Leone
34%
Zambie
34%
Ghana
33%
Guinée-Bissau
33%
Togo
32%
Aucun quiz correspondant
Distribution des résultats
% des personnes avec chaque résultat
Percentile par nombre de réponses
Votre historique - résultats
Vous n’avez pas pris ce quiz